The amazing results of positive thinking
| Main Author: | |
|---|---|
| Format: | Book |
| Published: |
New York :
Random house ,
1993
|
| Subjects: |
MARC
| LEADER | 00000cam a2200000 7i4500 | ||
|---|---|---|---|
| 001 | 0000017219 | ||
| 005 | 20080514.0 | ||
| 008 | 080513 | ||
| 020 | |a 0449215199 | ||
| 090 | 0 | 0 | |a 158.1 |b PEA |
| 100 | 1 | |a Peale , Norman Vincent | |
| 245 | 1 | 4 | |a The amazing results of positive thinking |c by Norman Vincent Peale |
| 260 | |a New York : |b Random house , |c 1993 | ||
| 650 | 0 | |a Christian ethnics | |
| 650 | 0 | |a Psychology |x Applied | |
| 999 | |a 0001017186 |b Book |c Adult Collection |e Perbadanan Perpustakaan Awam Johor | ||
| 999 | |a 0001017187 |b Book |c Adult Collection |e Perbadanan Perpustakaan Awam Johor | ||